| 000 | 00338nam a22001337a 4500 | ||
|---|---|---|---|
| 008 | 181220b xxu||||| |||| 00| 0 eng d | ||
| 020 | _a9780683065008 | ||
| 041 | _aeng | ||
| 080 |
_23rd _a070 |
||
| 100 | _a40 | ||
| 101 | _aMED | ||
| 245 |
_aTerminology of Communication Disorders Speech-Language-Hearing _cNicolosi,L |
||
| 942 |
_2udc _cBK |
||
| 999 |
_c53534 _d53534 |
||